Statistics for Trutt

Click here to take the quiz!

General Stats

  • This quiz has been taken 11 times
  • The average score is 3 of 15

Answer Stats

HintAnswer% Correct
Vem är bäst i världen?Trutt
100%
Vilket land äger hela världen?Truttmenistan
100%
LOL out loudLMAO my ass off
50%
67 140 213 216 221 2237373352
0%
All hail Trutt our lord and savior!!!
0%
All hail Trutt our lord and savior!!!
0%
All hail Trutt our lord and savior!!!
0%
All hail Trutt our lord and savior!!!
0%
All hail Trutt our lord and savior!!!
0%
All hail Trutt our lord and savior!!!
0%
All hail Trutt our lord and savior!!!
0%
All hail Trutt our lord and savior!!!
0%
All hail Trutt our lord and savior!!!
0%
All hail Trutt our lord and savior!!!
0%
All hail Trutt our lord and savior!!!
0%

Score Distribution

Percentile by Number Answered

Percent of People with Each Score

Your Score History

You have not taken this quiz